The Decline and Fall of the Roman Empire : Volume I /

Gardado en:
Detalles Bibliográficos
Autor Principal: Gibbon, Edward (autor)
Outros autores: Hutchins, Robert Maynard (edición general) (edición general)
Formato: Libro
Idioma:inglés
Publicado: Chicago, EUA : Encyclopaedia Britannica, 1978, c1952
Etiquetas: Engadir etiqueta
Sen Etiquetas, Sexa o primeiro en etiquetar este rexistro!

MARC

LEADER 00000nam^a2200000^a^4500
001 000630137
005 20260415000000.0
009 20260415195726.111
020 |a 0-85229-163-9 
037 |a Acervo ITESO - Biblioteca 
041 |a ING 
091 |a FOB. 04480 
100 |a Gibbon, Edward  |e (autor) 
240 1 1 |a [Great Books of the Western World] 
245 1 4 |a The Decline and Fall of the Roman Empire :  |b Volume I / 
264 4 |a Chicago, EUA :  |b Encyclopaedia Britannica,  |c 1978, c1952 
300 |a XXVI, 900 p. 
336 |a texto  |b txt  |2 rdacontenido 
337 |a sin mediación  |b n  |2 rdamedio 
338 |a volumen  |b nc  |2 rdasoporte 
649 |a XX 
700 |a Hutchins, Robert Maynard  |e (edición general) 
910 |a Fondo Carlos de Obeso Orendain 
920 |a Impresos - Libros 
930 |a Fondos Especiales 
940 |a Literatura 
905 |a 147 
901 |a 630137-10  |b IT2  |c ESP  |i D  |u 20260415 
902 |a https://opac.biblio.iteso.mx/vufind/Record/000630137